Central Library OPAC University of Rajshahi

ভারতের মুসলিম স্থাপত্য / (Record no. 38217)

MARC details
000 -LEADER
fixed length control field 00956nam a22002537a 4500
001 - CONTROL NUMBER
control field 38217
003 - CONTROL NUMBER IDENTIFIER
rucl marc code BD-RjUL
005 - DATE AND TIME OF LATEST TRANSACTION
control field 20211209052742.0
008 - FIXED-LENGTH DATA ELEMENTS--GENERAL INFORMATION
fixed length control field 151010s2003 bg a|||| |||| 001 0 ben d
020 ## - INTERNATIONAL STANDARD BOOK NUMBER
International Standard Book Number 9844460735
035 ## - SYSTEM CONTROL NUMBER
System control number (BD-RjUL)38322
040 ## - CATALOGING SOURCE
Original cataloging agency BD-RjUL
Language of cataloging ben
Transcribing agency BD-RjUL
041 ## - LANGUAGE CODE
Language code of text/sound track or separate title ben
082 ## - DEWEY DECIMAL CLASSIFICATION NUMBER
Classification number 720.954
Author mark and year AHB 2003
100 ## - MAIN ENTRY--PERSONAL NAME
Personal name আহমেদ, সুলতান
9 (RLIN) 118180
245 ## - TITLE STATEMENT
Title ভারতের মুসলিম স্থাপত্য /
Statement of responsibility, etc. সুলতান আহমেদ
260 ## - PUBLICATION, DISTRIBUTION, ETC. (IMPRINT)
Place of publication, distribution, etc. ঢাকা :
Name of publisher, distributor, etc. অবসর প্রকাশনা,
Date of publication, distribution, etc. ২০০৩
300 ## - PHYSICAL DESCRIPTION
Pagination ৩৯৯ পৃ. :
Illustrations চিত্র ;
Size ২২ সেমি.
504 ## - BIBLIOGRAPHY, ETC. NOTE
Bibliography, etc গ্রন্থপঞ্জি ও ইনডেক্স অন্তর্ভূক্ত
650 ## - SUBJECT ADDED ENTRY--TOPICAL TERM
Topical term or geographic name as entry element Architecture
9 (RLIN) 118191
Geographic subdivision India.
Topical term or geographic name as entry element Islamic architecture.
9 (RLIN) 160381
Topical term or geographic name as entry element স্থাপত্য
Geographic subdivision ভারত
9 (RLIN) 145091
942 ## - ADDED ENTRY ELEMENTS (KOHA)
Source of classification or shelving scheme Dewey Decimal Classification
Koha item type Books
Holdings
Lost status Source of classification or shelving scheme Damaged status Not for loan Permanent Location Current Location Shelving location Date acquired Source of acquisition Cost, normal purchase price Total Checkouts Full call number Date last seen Date checked out Copy number Koha item type Total Renewals Collection code
  Dewey Decimal Classification     Central Library, University of Rajshahi Central Library, University of Rajshahi   21/05/2003 Author 350.00 1 B 720.954 AHB 2003 17/11/2018 30/10/2018 C-7 Books    
  Dewey Decimal Classification     Central Library, University of Rajshahi Central Library, University of Rajshahi   21/05/2003 Author 350.00 9 B 720.954 AHB 2003 02/07/2022 19/06/2022 C-6 Books    
  Dewey Decimal Classification     Central Library, University of Rajshahi Central Library, University of Rajshahi   21/05/2003 Author 350.00 6 B 720.954 AHB 2003 05/03/2026 02/03/2026 C-5 Books    
  Dewey Decimal Classification     Central Library, University of Rajshahi Central Library, University of Rajshahi   21/05/2003 Author 350.00 7 B 720.954 AHB 2003 26/12/2023 11/12/2023 C-8 Books 1  
  Dewey Decimal Classification     Central Library, University of Rajshahi Central Library, University of Rajshahi   21/05/2003 Author 350.00 9 B 720.954 AHB 2003 08/11/2018 30/10/2018 C-9 Books    
  Dewey Decimal Classification     Central Library, University of Rajshahi Central Library, University of Rajshahi   21/05/2003 Author 350.00 8 B 720.954 AHB 2003 17/12/2024 01/12/2024 C-10 Books    
  Dewey Decimal Classification     Central Library, University of Rajshahi Central Library, University of Rajshahi   21/05/2003 Prof. Sultan Ahmad, R.U. 350.00 5 B 720.954 AHB 2003 17/06/2025 04/05/2025 C-4 Books   Non-fiction